00249nam a2200109 a 4500008004100000050001400041100001800055245003600073250001200109260000900121350000900130120416s1992 xx |||||||||||||| || u aS 571 Ach aAcharya, S. S10aAgricultural marketing in India a2nd ed. c1992 a0.00